000 00372nam a22001697a 4500
003 UA-OsUOA
001 2974
007 ta
008 20050721b un ||||| |||| 00| 0 ukr d
100 _aGault
700 _aHenri
942 _cBK
040 _aUA-OsUOA
_cUA-OsUOA
_dUA-OsUOA
245 _aThe best of France Gault Millau.
_bCountry Studies
955 _a2
650 7 _2UDC
999 _c289136
_d289136